[Event "IV Weekend"]
[Site "Porto Sant'Elpidio ITA"]
[Date "2001.11.02"]
[Round "2"]
[White "Trancanelli, Claudio"]
[Black "Morici, Marco"]
[Result "1-0"]
[WhiteElo "1530"]
[BlackElo "1627"]
[PlyCount "88"]
[EventDate "2001.11.01"]

1.e4 e6 2.d4 d5 3.Nc3 Bb4 4.Ne2 dxe4 5.a3 Bxc3+ 6.Nxc3 Nf6 7.Bg5 Nbd7 8.
Nxe4 h6 9.Bh4 g5 10.Nxf6+ Nxf6 11.Bg3 Nd7 12.Qd2 Nb6 13.Be2 Bd7 14.h4 Rg8 
15.hxg5 hxg5 16.O-O-O Nd5 17.c4 Nf4 18.Bxf4 gxf4 19.Qxf4 Ba4 20.Rh7 Rf8 
21.Bh5 Qd7 22.Rd2 O-O-O 23.Rxf7 Rxf7 24.Qxf7 Qc6 25.Be2 Bb3 26.d5 exd5 27.
Rxd5 Qe8 28.Qxe8 Rxe8 29.Kd2 c6 30.Rd4 c5 31.Rd5 b6 32.f4 Re4 33.f5 Bxc4 
34.Bxc4 Rxc4 35.Ke3 Rc1 36.g4 Rg1 37.Kf4 Rg2 38.g5 Rxb2 39.g6 Rg2 40.Ke5 
c4 41.Kf6 c3 42.Rd3 c2 43.Rc3+ Kd8 44.Kf7 Rd2 1-0

[Event "IV Weekend"]
[Site "Porto Sant'Elpidio ITA"]
[Date "2001.11.02"]
[Round "3"]
[White "Bonoli, Luciano"]
[Black "Bruno, Fabio"]
[Result "0-1"]
[WhiteElo "1723"]
[BlackElo "2264"]
[PlyCount "100"]
[EventDate "2001.11.01"]

1.c4 e5 2.Nc3 Nf6 3.g3 Bb4 4.a3 Bxc3 5.bxc3 b6 6.Bg2 e4 7.d3 Bb7 8.Bg5 h6 
9.Bxf6 Qxf6 10.d4 O-O 11.e3 d6 12.Ne2 Qe7 13.Qc2 Re8 14.O-O Nd7 15.a4 Ba6 
16.Qa2 c5 17.Nf4 Nf6 18.Rfd1 Rec8 19.Bh3 Rc7 20.a5 bxa5 21.Bf1 g5 22.Nd5 
Nxd5 23.cxd5 Bb7 24.c4 Bc8 25.Qxa5 Bg4 26.Rd2 Rb8 27.dxc5 Rxc5 28.Qc3 Rc7 
29.h3 Bf3 30.Kh2 Kh7 31.Be2 Bxe2 32.Rxe2 Kg6 33.Rd2 Qf6 34.Qxf6+ Kxf6 35.
Rc2 Ke5 36.Kg2 h5 37.Kh2 f6 38.Kg2 Rb6 39.Rac1 Rc5 40.g4 h4 41.f3 Rb3 42.
Kf2 Ra5 43.Rc3 Rxc3 44.Rxc3 Ra2+ 45.Kg1 exf3 46.c5 dxc5 47.Rxc5 Rd2 48.Ra5
Ke4 49.Rxa7 Kxe3 50.Re7+ Kf4 0-1

[Event "IV Weekend"]
[Site "Porto Sant'Elpidio ITA"]
[Date "2001.11.02"]
[Round "3"]
[White "Di Donatantonio, Franco"]
[Black "Basso, Fabrizio"]
[Result "1-0"]
[WhiteElo "1789"]
[BlackElo "1575"]
[PlyCount "61"]
[EventDate "2001.11.01"]

1.e4 e6 2.d4 d5 3.Nd2 dxe4 4.Nxe4 Bd7 5.Nf3 Bc6 6.Bd3 Nd7 7.Qe2 Ngf6 8.Bg5
Be7 9.h4 a6 10.O-O-O O-O 11.Kb1 Nxe4 12.Bxe4 Bxe4 13.Qxe4 c6 14.g4 Nf6 15.
Bxf6 Bxf6 16.g5 Be7 17.Ne5 Qd5 18.Qe3 b5 19.h5 f6 20.gxf6 Rxf6 21.Rhg1 
Raf8 22.Qg3 g6 23.hxg6 hxg6 24.Nxg6 Kf7 25.Nxf8 Bxf8 26.Qc7+ Be7 27.Rg7+ 
Kxg7 28.Qxe7+ Kg6 29.Rg1+ Kf5 30.Qh7+ Kf4 31.Qh4+ 1-0

[Event "IV Weekend"]
[Site "Porto Sant'Elpidio ITA"]
[Date "2001.11.02"]
[Round "3"]
[White "Di Giovanni, Isidoro"]
[Black "Todic, Simo"]
[Result "0-1"]
[WhiteElo "1540"]
[BlackElo "1645"]
[PlyCount "120"]
[EventDate "2001.11.01"]

1.e4 c5 2.d4 cxd4 3.c3 dxc3 4.Nxc3 d6 5.Bc4 Nf6 6.Nf3 e6 7.O-O Be7 8.Qe2 
a6 9.Rd1 Qc7 10.Bf4 Nc6 11.e5 dxe5 12.Nxe5 Nxe5 13.Bxe5 Qc6 14.Rac1 O-O 
15.Bb3 Qe8 16.Ne4 Bd7 17.Nd6 Bb5 18.Bc4 Bxc4 19.Rxc4 Bxd6 20.Bxf6 Bxh2+ 
21.Kxh2 gxf6 22.Qg4+ Kh8 23.Re1 Rg8 24.Qh4 Rg6 25.Re3 Qg8 26.Rg3 Rxg3 27.
fxg3 Qg5 28.Qxg5 fxg5 29.Rc7 Kg7 30.Rxb7 Rc8 31.Ra7 Rc2 32.Rxa6 Rxb2 33.a4
Ra2 34.a5 h5 35.Ra7 Kg6 36.a6 e5 37.Ra8 Kf5 38.a7 Ke4 39.Rh8 Rxa7 40.Rxh5 
f6 41.Kg1 Ke3 42.Rh8 Ra1+ 43.Kh2 e4 44.Rf8 Ra6 45.Rb8 Ke2 46.Rb1 e3 47.
Rb2+ Kd1 48.Kg1 Ra1 49.Kf1 f5 50.Re2 Ra3 51.Re1+ Kd2 52.Re2+ Kd3 53.Re1 
Ra2 54.Rd1+ Rd2 55.Ke1 Rxd1+ 56.Kxd1 f4 57.Ke1 e2 58.gxf4 gxf4 59.g3 f3 
60.g4 f2+ 0-1

[Event "IV Weekend"]
[Site "Porto Sant'Elpidio ITA"]
[Date "2001.11.02"]
[Round "3"]
[White "Fioravanti, Emidio"]
[Black "Spinosa, Giovanni"]
[Result "1-0"]
[WhiteElo "1720"]
[BlackElo "1717"]
[PlyCount "97"]
[EventDate "2001.11.01"]

1.e4 c5 2.Nf3 d6 3.d4 cxd4 4.Nxd4 Nf6 5.Nc3 a6 6.Bc4 e6 7.Bb3 Nbd7 8.O-O 
Nc5 9.Re1 e5 10.Nf5 Nxb3 11.axb3 Be6 12.Bg5 Qd7 13.Bxf6 gxf6 14.Nd5 Bxd5 
15.Qxd5 Rc8 16.c4 Rg8 17.Rad1 Rc6 18.Rd3 Rc5 19.Nxd6+ Bxd6 20.Qxd6 Qxd6 
21.Rxd6 Ke7 22.Red1 Rc7 23.f3 Rb8 24.Rb6 Rc6 25.Rxc6 bxc6 26.Rd3 Ke6 27.g4
Ke7 28.Kf2 a5 29.Ke3 h6 30.Kd2 h5 31.h3 a4 32.Kc2 axb3+ 33.Rxb3 Rc8 34.
Rb7+ Kf8 35.Kc3 h4 36.Kb4 Kg7 37.Kc5 Kg6 38.Rd7 Rf8 39.Kxc6 Kg5 40.b4 Kf4 
41.Rd6 Kxf3 42.c5 Kg3 43.Rd3+ Kf4 44.Kc7 Kxe4 45.Rd7 f5 46.gxf5 Kxf5 47.
Rd8 Rxd8 48.Kxd8 Kf4 49.c6 1-0

[Event "IV Weekend"]
[Site "Porto Sant'Elpidio ITA"]
[Date "2001.11.02"]
[Round "3"]
[White "Foglia, Maurizio"]
[Black "Fioravanti, Diego"]
[Result "1-0"]
[WhiteElo "2096"]
[BlackElo "1822"]
[PlyCount "73"]
[EventDate "2001.11.01"]

1.e4 e5 2.Nf3 Nc6 3.Bc4 Nf6 4.d3 h6 5.c3 Be7 6.O-O O-O 7.Re1 d6 8.Bb3 Bg4 
9.Nbd2 Qd7 10.Nf1 Bh5 11.Ng3 Bg6 12.Nh4 Kh7 13.Nhf5 Na5 14.Bc2 Ng8 15.d4 
exd4 16.cxd4 Bxf5 17.Nxf5 g6 18.Nxe7 Qxe7 19.b3 Nc6 20.Bb2 f6 21.Rc1 Rae8 
22.Re3 Qf7 23.d5 Ne5 24.f4 Nd7 25.Qd4 Nb6 26.Rg3 Ne7 27.Bb1 Rc8 28.Re1 a6 
29.h4 Nd7 30.h5 Rg8 31.Rf1 Rce8 32.hxg6+ Nxg6 33.Qd2 Re7 34.Rh3 Qg7 35.e5 
dxe5 36.fxe5 fxe5 37.Bc1 1-0

[Event "IV Weekend"]
[Site "Porto Sant'Elpidio ITA"]
[Date "2001.11.02"]
[Round "3"]
[White "Forani, Sandro"]
[Black "Antei, Fabrizio"]
[Result "0-1"]
[WhiteElo "1446"]
[BlackElo "1564"]
[PlyCount "76"]
[EventDate "2001.11.01"]

1.e4 c5 2.Nf3 e6 3.d4 cxd4 4.Nxd4 Nc6 5.Nxc6 bxc6 6.Nc3 Bb4 7.Bd2 d6 8.a3 
Ba5 9.Be2 Nf6 10.O-O O-O 11.f4 Bxc3 12.Bxc3 Nxe4 13.Bxg7 Kxg7 14.Qd4+ Nf6 
15.Rf3 Rg8 16.Rd1 Qb6 17.Qxb6 axb6 18.Rxd6 Bb7 19.f5 Rgd8 20.Rg3+ Kf8 21.
Rgd3 Rxd6 22.Rxd6 Ke7 23.Rd4 e5 24.Rd3 Rg8 25.h3 c5 26.g4 Nh5 27.Re3 f6 
28.Kh2 Nf4 29.Bf3 Bxf3 30.Rxf3 Rd8 31.Rf2 h6 32.Kg3 c4 33.h4 b5 34.Rh2 Rd4
35.g5 fxg5 36.hxg5 hxg5 37.Kg4 Kf6 38.Rh6+ Ng6+ 0-1

[Event "IV Weekend"]
[Site "Porto Sant'Elpidio ITA"]
[Date "2001.11.02"]
[Round "3"]
[White "Gasparroni, Daniele"]
[Black "Iaconi, Andrea"]
[Result "1/2-1/2"]
[WhiteElo "1600"]
[BlackElo "1650"]
[PlyCount "49"]
[EventDate "2001.11.01"]

1.d4 Nf6 2.c4 e6 3.Nf3 c5 4.e3 Nc6 5.Nc3 d6 6.dxc5 dxc5 7.Qxd8+ Kxd8 8.Ng5
Ke7 9.Nge4 Nxe4 10.Nxe4 b6 11.b3 Bb7 12.Ng3 g6 13.Bb2 Rg8 14.a3 Bg7 15.
Bxg7 Rxg7 16.Rb1 Rd8 17.Be2 f5 18.O-O Kf6 19.Rfd1 Rgd7 20.Rxd7 Rxd7 21.Rb2
e5 22.f3 Nd8 23.Kf2 Ne6 24.Nf1 e4 25.f4 1/2-1/2

[Event "IV Weekend"]
[Site "Porto Sant'Elpidio ITA"]
[Date "2001.11.02"]
[Round "3"]
[White "Gianfelici, Edoardo"]
[Black "Cecannecchia, Gianluca"]
[Result "0-1"]
[WhiteElo "1470"]
[BlackElo "1576"]
[PlyCount "74"]
[EventDate "2001.11.01"]

1.e4 e5 2.Nf3 Nc6 3.Bc4 Bc5 4.d3 d6 5.Ng5 Nh6 6.Nf3 Ng4 7.O-O O-O 8.Bg5 
Nf6 9.Nc3 h6 10.Bh4 Be6 11.h3 Re8 12.Nd5 Bxd5 13.Bxd5 Rb8 14.Bxc6 bxc6 15.
Rb1 Rb7 16.a3 Qe7 17.b4 Bb6 18.a4 a6 19.b5 cxb5 20.axb5 axb5 21.Rxb5 Bxf2+
22.Kxf2 Rxb5 23.Qa1 Reb8 24.Kg1 g5 25.Bf2 Nh5 26.h4 f6 27.Qa2+ Kg7 28.hxg5
hxg5 29.Kh2 Rh8 30.Kg1 Kg6 31.Qc4 Rbb8 32.Ba7 Ra8 33.Bf2 Qh7 34.Qe6 Ng7 
35.Nh4+ Qxh4 36.Qxf6+ Kxf6 37.Bxh4+ Kg6 0-1

[Event "IV Weekend"]
[Site "Porto Sant'Elpidio ITA"]
[Date "2001.11.02"]
[Round "3"]
[White "Graziani, Claudio"]
[Black "Rinaudo, Sergio"]
[Result "1-0"]
[WhiteElo "1855"]
[BlackElo "1768"]
[PlyCount "61"]
[EventDate "2001.11.01"]

1.e4 c5 2.Nf3 d6 3.d4 cxd4 4.Nxd4 Nf6 5.Nc3 a6 6.Bg5 e6 7.f4 Qb6 8.Qd2 
Nbd7 9.O-O-O Be7 10.g4 h6 11.Bh4 Nc5 12.Bxf6 Bxf6 13.h4 Bd7 14.Bg2 O-O-O 
15.g5 hxg5 16.hxg5 Rxh1 17.Bxh1 Be7 18.f5 Rh8 19.Bf3 Qd8 20.Rg1 Rh3 21.Qg2
Qh8 22.g6 fxg6 23.fxe6 Qh6+ 24.Kb1 Nxe6 25.Nxe6 Bxe6 26.e5 Rh2 27.Bxb7+ 
Kd8 28.Qc6 Qd2 29.Nd5 Bd7 30.Qc7+ Ke8 31.e6 1-0

[Event "IV Weekend"]
[Site "Porto Sant'Elpidio ITA"]
[Date "2001.11.02"]
[Round "3"]
[White "Rinaudo, Andrea"]
[Black "Bastarelli, Giuseppe"]
[Result "0-1"]
[WhiteElo "1822"]
[BlackElo "1914"]
[PlyCount "72"]
[EventDate "2001.11.01"]

1.e4 c5 2.Nf3 Nc6 3.d4 cxd4 4.Nxd4 Nf6 5.Nc3 e5 6.Ndb5 d6 7.Bg5 a6 8.Na3 
b5 9.Bxf6 gxf6 10.Nd5 Bg7 11.Be2 f5 12.exf5 Bxf5 13.c3 O-O 14.O-O Be6 15.
Nc2 f5 16.a4 bxa4 17.Rxa4 a5 18.Qd2 Kh8 19.Bb5 Ne7 20.Nxe7 Qxe7 21.Rfa1 d5
22.Rxa5 Rxa5 23.Rxa5 f4 24.Bc6 Qc7 25.Rc5 Rd8 26.Qe2 Bf8 27.Bxd5 Bxc5 28.
Bxe6 Qd6 29.Bg4 Re8 30.Bf3 e4 31.b4 Ba7 32.c4 Qe5 33.Bg4 h5 34.Bd7 Rg8 35.
Kf1 Rxg2 36.Bc6 Rxf2+ 0-1

[Event "IV Weekend"]
[Site "Porto Sant'Elpidio ITA"]
[Date "2001.11.02"]
[Round "3"]
[White "Rinaudo, Claudio"]
[Black "Sanzani, Pierluigi"]
[Result "1-0"]
[WhiteElo "1696"]
[BlackElo "1573"]
[PlyCount "75"]
[EventDate "2001.11.01"]

1.d4 g6 2.Nf3 Bg7 3.e4 d6 4.Bc4 Nf6 5.Qd3 d5 6.exd5 Nxd5 7.c3 O-O 8.Be3 
Bf5 9.Qe2 c6 10.O-O Nd7 11.Nbd2 Re8 12.Bd3 Bxd3 13.Qxd3 e5 14.Rfe1 Nxe3 
15.fxe3 Nf6 16.e4 Qd6 17.Nc4 Qc7 18.Ncxe5 Rad8 19.Qc2 c5 20.Rac1 Bh6 21.
Rcd1 Bf4 22.Qf2 h5 23.g3 Bh6 24.h3 Bg7 25.Ng5 Re7 26.Nef3 Nd7 27.e5 f6 28.
exf6 Nxf6 29.Ne6 Rxe6 30.Rxe6 Rf8 31.Kg2 cxd4 32.Qxd4 Kh7 33.Qd3 Qc5 34.
Ne5 Ne4 35.Qxe4 Qf2+ 36.Kh1 Rf5 37.Rxg6 Bxe5 38.Rg5 1-0

[Event "IV Weekend"]
[Site "Porto Sant'Elpidio ITA"]
[Date "2001.11.02"]
[Round "3"]
[White "Santurbano, Maria Vincenza"]
[Black "Trancanelli, Claudio"]
[Result "0-1"]
[WhiteElo "1657"]
[BlackElo "1530"]
[PlyCount "76"]
[EventDate "2001.11.01"]

1.d4 Nf6 2.c4 c5 3.e3 cxd4 4.exd4 g6 5.Nf3 Bg7 6.Nc3 O-O 7.Be2 d5 8.O-O 
Nc6 9.h3 Bf5 10.Be3 Rc8 11.Qd2 dxc4 12.Bxc4 Ne4 13.Nxe4 Bxe4 14.Ng5 Bd5 
15.Bxd5 Qxd5 16.Rfd1 Rfd8 17.Nf3 Rd7 18.a3 Rcd8 19.Rac1 b6 20.Qc2 Na5 21.
b4 Nb7 22.Ne5 Bxe5 23.dxe5 Qe6 24.Rxd7 Qxd7 25.Bh6 Qd5 26.Qa4 a5 27.Rc7 
Qxe5 28.Rxb7 Qe1+ 29.Kh2 Qe5+ 30.g3 Qe2 31.Be3 Rd1 32.Rxe7 Qf3 33.Qe8+ Kg7
34.Bh6+ Kxh6 35.Qf8+ Kh5 36.Re5+ f5 37.g4+ Kg5 38.Qe7+ Kf4 0-1

[Event "IV Weekend"]
[Site "Porto Sant'Elpidio ITA"]
[Date "2001.11.02"]
[Round "3"]
[White "Silvestri, Giorgio"]
[Black "Giobbi, Costantino"]
[Result "0-1"]
[WhiteElo "1575"]
[BlackElo "1686"]
[PlyCount "144"]
[EventDate "2001.11.01"]

1.Nf3 d5 2.d4 e6 3.e3 Nf6 4.c4 c6 5.Be2 Be7 6.O-O O-O 7.Qc2 Nbd7 8.b3 b6 
9.Bb2 Bb7 10.Nbd2 Re8 11.Rac1 c5 12.Qb1 cxd4 13.exd4 Bd6 14.Ne5 Qe7 15.Bd3
Red8 16.Ndf3 Ne4 17.Bxe4 dxe4 18.Nd2 f5 19.Nxd7 Rxd7 20.Rfe1 Rad8 21.g3 
Ba3 22.Ba1 Bxc1 23.Qxc1 Rxd4 24.Bxd4 Rxd4 25.Re2 Qg5 26.Qe1 Rd3 27.Re3 Qd8
28.Rxd3 Qxd3 29.Qe3 Qxe3 30.fxe3 Kf7 31.b4 e5 32.Kf2 g5 33.a4 Ke6 34.Nb3 
Kd6 35.a5 Ba6 36.c5+ bxc5 37.Nxc5 Bd3 38.Nb3 Kd5 39.Nd2 Kc6 40.Nb3 Kb5 41.
Nc5 Kxb4 42.Nb7 Bc4 43.Nd6 Be6 44.g4 fxg4 45.Nxe4 h6 46.a6 Bf5 47.Nd6 Be6 
48.Ne4 Ka5 49.Ke2 Bf5 50.Nd6 Bg6 51.Nc4+ Kxa6 52.Nxe5 Bf5 53.Kd2 Kb5 54.
Kc3 h5 55.Nf7 h4 56.Nd6+ Kc5 57.Nxf5 Kd5 58.Kd3 a5 59.e4+ Ke5 60.Ke3 a4 
61.Nd4 a3 62.Nb3 g3 63.hxg3 h3 64.Kf2 g4 65.Kg1 Kxe4 66.Nc1 Ke3 67.Na2 Kd2
68.Kh2 Kc2 69.Nb4+ Kb2 70.Kh1 a2 71.Nxa2 Kxa2 72.Kh2 Kb2 0-1

[Event "IV Weekend"]
[Site "Porto Sant'Elpidio ITA"]
[Date "2001.11.03"]
[Round "4"]
[White "Antei, Fabrizio"]
[Black "Santurbano, Maria Vincenza"]
[Result "1-0"]
[WhiteElo "1564"]
[BlackElo "1657"]
[PlyCount "109"]
[EventDate "2001.11.01"]

1.d4 Nf6 2.Bg5 e6 3.e4 Be7 4.e5 Ne4 5.Bxe7 Qxe7 6.Nd2 Nxd2 7.Qxd2 d6 8.
exd6 cxd6 9.Bb5+ Nc6 10.Nf3 Bd7 11.O-O O-O 12.Rfe1 Qf6 13.c3 a6 14.Bd3 Ne7
15.Qg5 Qxg5 16.Nxg5 h6 17.Nf3 Bc6 18.Nd2 Rac8 19.Re3 Nd5 20.Ree1 Nf4 21.
Be4 b5 22.Re3 Rfd8 23.h4 Bxe4 24.Nxe4 Nd5 25.Ree1 f6 26.a3 Kf7 27.g3 f5 
28.Nd2 g5 29.hxg5 hxg5 30.Nf3 Kf6 31.Kg2 Rh8 32.Rh1 Nb6 33.Rxh8 Rxh8 34.
Nd2 Na4 35.Rb1 g4 36.c4 bxc4 37.Nxc4 d5 38.Ne3 Rb8 39.b4 Nc3 40.Rc1 Nb5 
41.Rc6 Nxa3 42.Nxd5+ Kf7 43.Nf4 Rxb4 44.Nxe6 a5 45.d5 Nb5 46.Ra6 a4 47.Rb6
Rb3 48.Nc5 Rb4 49.d6 a3 50.Rb7+ Kg6 51.d7 a2 52.d8=Q a1=Q 53.Qg8+ Kf6 54.
Qh8+ Kg5 55.Qxa1 1-0

[Event "IV Weekend"]
[Site "Porto Sant'Elpidio ITA"]
[Date "2001.11.03"]
[Round "4"]
[White "Baleani, Emanuele"]
[Black "Forani, Sandro"]
[Result "1-0"]
[WhiteElo "1572"]
[BlackElo "1446"]
[PlyCount "119"]
[EventDate "2001.11.01"]

1.e4 c5 2.Nf3 d6 3.d4 cxd4 4.Nxd4 Nf6 5.Nc3 e6 6.Bc4 a6 7.Bb3 Bd7 8.Be3 
Nc6 9.f3 Nxd4 10.Bxd4 Be7 11.Qd2 h6 12.O-O-O O-O 13.Bxf6 Bxf6 14.Qxd6 Bc6 
15.Qg3 Qa5 16.Qe1 b5 17.Nd5 Bg5+ 18.f4 Qxe1 19.Rhxe1 Bd8 20.Nb4 Bb7 21.Nd3
Rc8 22.g4 a5 23.a3 Be7 24.f5 exf5 25.exf5 Bf6 26.Kb1 Bf3 27.Rd2 Bxg4 28.
Rf1 Bg5 29.Nf4 Bxf5 30.Rd5 a4 31.Bxa4 bxa4 32.Rxf5 Rc4 33.Nd3 f6 34.Ra5 
Be3 35.Nb4 Rd8 36.Rxa4 Rh4 37.Rh1 Bc5 38.Ka2 Rb8 39.c3 Rh3 40.Na6 Rc8 41.
Nxc5 Rxc5 42.Rd4 Re5 43.Rd2 g5 44.c4 Kf7 45.b4 g4 46.Rg1 f5 47.c5 Ree3 48.
Rg3 Rhxg3 49.hxg3 Rxg3 50.c6 Rc3 51.b5 f4 52.Rd4 g3 53.Rxf4+ Ke6 54.Kb2 
Rd3 55.b6 h5 56.b7 Rd2+ 57.Kc3 g2 58.Re4+ Kf6 59.b8=Q g1=Q 60.Qf8+ 1-0

[Event "IV Weekend"]
[Site "Porto Sant'Elpidio ITA"]
[Date "2001.11.03"]
[Round "4"]
[White "Bastarelli, Giuseppe"]
[Black "Foglia, Maurizio"]
[Result "1/2-1/2"]
[WhiteElo "1914"]
[BlackElo "2096"]
[PlyCount "71"]
[EventDate "2001.11.01"]

1.d4 Nf6 2.Nf3 g6 3.c4 c5 4.d5 b5 5.cxb5 a6 6.bxa6 Bxa6 7.Nc3 Bg7 8.g3 O-O
9.h4 h5 10.Bh3 d6 11.O-O Nbd7 12.Bxd7 Qxd7 13.Qc2 Rfb8 14.Re1 Rb4 15.Kg2 
Ng4 16.Rb1 Ne5 17.Ng1 Rab8 18.f3 Qb7 19.Nh3 Nc4 20.b3 Bxc3 21.Qxc3 Ne5 22.
Qd2 Kf8 23.Bb2 Ke8 24.Bc3 Rb6 25.Rbd1 c4 26.b4 Rb5 27.a4 Rxb4 28.Bxb4 Qxb4
29.Qc2 Qc5 30.Nf2 Rb3 31.Ne4 Qa5 32.Rc1 Qxd5 33.Nc3 Qa5 34.Red1 Bb7 35.e4 
Qb4 36.Qd2 1/2-1/2

[Event "IV Weekend"]
[Site "Porto Sant'Elpidio ITA"]
[Date "2001.11.03"]
[Round "4"]
[White "Bruno, Fabio"]
[Black "Graziani, Claudio"]
[Result "1-0"]
[WhiteElo "2264"]
[BlackElo "1855"]
[PlyCount "61"]
[EventDate "2001.11.01"]

1.d4 d5 2.Nf3 Nc6 3.Bf4 Bg4 4.e3 Nf6 5.h3 Bxf3 6.Qxf3 e6 7.Nd2 Be7 8.c3 h6
9.Bd3 Bd6 10.e4 Bxf4 11.Qxf4 dxe4 12.Nxe4 Nxe4 13.Bxe4 Qd6 14.Qf3 Ne7 15.
O-O c6 16.Bc2 Qd5 17.Qg3 Nf5 18.Bxf5 Qxf5 19.Qxg7 O-O-O 20.Qg4 Qd5 21.Rfe1
Rhg8 22.Qe4 Qh5 23.Re3 Rd5 24.Rg3 Rxg3 25.fxg3 Qg5 26.Rf1 Qg7 27.g4 Rd7 
28.Qf4 Qg5 29.Kh2 b6 30.Qe4 c5 31.Qa8+ 1-0

[Event "IV Weekend"]
[Site "Porto Sant'Elpidio ITA"]
[Date "2001.11.03"]
[Round "4"]
[White "Cecannecchia, Gianluca"]
[Black "Spinosa, Giovanni"]
[Result "0-1"]
[WhiteElo "1576"]
[BlackElo "1717"]
[PlyCount "84"]
[EventDate "2001.11.01"]

1.e4 c5 2.Nf3 d6 3.h3 Nf6 4.Nc3 Nc6 5.Bc4 e6 6.d3 Be7 7.O-O O-O 8.a3 a6 9.
Ba2 h6 10.Re1 b5 11.e5 dxe5 12.Nxe5 Nxe5 13.Rxe5 Qc7 14.Re1 Bb7 15.Bd2 
Rac8 16.Qe2 Qc6 17.Qf1 Bd6 18.Rac1 Bb8 19.Kh1 Rfd8 20.Rcd1 Rd4 21.f4 Nh5 
22.Ne2 Rd7 23.Qf2 Qc7 24.Rf1 c4 25.dxc4 Rcd8 26.Qe3 bxc4 27.Nc3 Ng3+ 28.
Qxg3 Rxd2 29.Rxd2 Rxd2 30.Rf2 Rd4 31.Ne2 Rd1+ 32.Kh2 Ba7 33.Nc3 Bxf2 34.
Qxf2 Rd6 35.Qe3 Qc6 36.Qe2 Rd4 37.Kg3 Qd6 38.Qe3 g5 39.Kf2 gxf4 40.Qe1 
Rd2+ 41.Ne2 Qd5 42.Qf1 Qd4+ 0-1

[Event "IV Weekend"]
[Site "Porto Sant'Elpidio ITA"]
[Date "2001.11.03"]
[Round "4"]
[White "Cellucci, Davide"]
[Black "Di Giovanni, Isidoro"]
[Result "1/2-1/2"]
[WhiteElo "1401"]
[BlackElo "1540"]
[PlyCount "85"]
[EventDate "2001.11.01"]

1.e4 g6 2.d4 d6 3.Nf3 Bg7 4.Be3 a6 5.Bc4 e6 6.O-O b5 7.Bb3 Bb7 8.Nbd2 Nd7 
9.c3 Ngf6 10.Bc2 O-O 11.Re1 c5 12.dxc5 Nxc5 13.Bg5 Qc7 14.h3 Nfd7 15.Bf4 
Ne5 16.Nxe5 dxe5 17.Be3 Rad8 18.Bxc5 Qxc5 19.Qe2 Bh6 20.Rad1 f5 21.Nb3 Qb6
22.Rxd8 Rxd8 23.exf5 exf5 24.Qxe5 Bd5 25.Nd4 Bg7 26.Qf4 Bxd4 27.cxd4 Qc6 
28.Bb3 Bxb3 29.axb3 Qd5 30.Rd1 Qxb3 31.Qd2 a5 32.d5 Qc4 33.d6 b4 34.Qd5+ 
Qxd5 35.Rxd5 a4 36.Rd3 Kf7 37.Rd4 a3 38.bxa3 bxa3 39.Ra4 Rxd6 40.Rxa3 Ke6 
41.Re3+ Kf6 42.Re8 Rd3 43.Kf1 1/2-1/2

[Event "IV Weekend"]
[Site "Porto Sant'Elpidio ITA"]
[Date "2001.11.03"]
[Round "4"]
[White "Fratini, Mauro"]
[Black "Todic, Simo"]
[Result "0-1"]
[WhiteElo "1455"]
[BlackElo "1645"]
[PlyCount "103"]
[EventDate "2001.11.01"]

1.d4 e6 2.Nf3 Nf6 3.Bf4 c5 4.e3 Nc6 5.c3 Be7 6.Nbd2 Nh5 7.Bg3 Nxg3 8.hxg3 
d5 9.Bd3 g6 10.Nh2 e5 11.dxe5 Nxe5 12.Be2 Qb6 13.b3 Be6 14.O-O O-O 15.Nhf3
Ng4 16.Ne1 h5 17.Bxg4 Bxg4 18.Ndf3 Rad8 19.Nd3 Bf6 20.Qd2 Rfe8 21.Nh2 d4 
22.Nxg4 hxg4 23.exd4 cxd4 24.c4 Re4 25.Rfe1 Rde8 26.Rxe4 Rxe4 27.Re1 Qe6 
28.Kf1 Qf5 29.Rxe4 Qxe4 30.Qe2 Qf5 31.f3 Kf8 32.Qe4 Qxe4 33.fxe4 Ke7 34.
Ke2 b6 35.Nf2 Be5 36.Nxg4 Bxg3 37.e5 Ke6 38.Kd3 Bxe5 39.Nf2 f5 40.Ke2 g5 
41.b4 Bd6 42.a3 Ke5 43.g4 fxg4 44.Nxg4+ Kf4 45.Nf2 g4 46.Nd3+ Kg3 47.c5 
bxc5 48.bxc5 Bc7 49.Nb4 Kh2 50.c6 g3 51.Nc2 g2 52.Ne1 0-1

[Event "IV Weekend"]
[Site "Porto Sant'Elpidio ITA"]
[Date "2001.11.03"]
[Round "4"]
[White "Giobbi, Costantino"]
[Black "Rinaudo, Andrea"]
[Result "0-1"]
[WhiteElo "1686"]
[BlackElo "1822"]
[PlyCount "66"]
[EventDate "2001.11.01"]

1.Nf3 c5 2.c4 Nc6 3.Nc3 g6 4.g3 Bg7 5.Bg2 e6 6.O-O d5 7.cxd5 exd5 8.d3 
Nge7 9.Bg5 f6 10.Bf4 g5 11.Bd2 Be6 12.Qa4 Qd7 13.a3 O-O 14.b4 c4 15.b5 Ne5
16.Nxe5 fxe5 17.dxc4 dxc4 18.Bxg5 Nf5 19.Rad1 Qf7 20.Bc1 Nd4 21.Qb4 Rad8 
22.Qb1 Nxe2+ 23.Nxe2 Rxd1 24.Rxd1 Qxf2+ 25.Kh1 Qxe2 26.Rg1 Bf5 27.Qb2 Qxb2
28.Bxb2 e4 29.Bxg7 Kxg7 30.Rc1 Rd8 31.Kg1 e3 32.Kf1 Bg4 33.Ke1 e2 0-1

[Event "IV Weekend"]
[Site "Porto Sant'Elpidio ITA"]
[Date "2001.11.03"]
[Round "4"]
[White "Iaconi, Andrea"]
[Black "Bonoli, Luciano"]
[Result "1-0"]
[WhiteElo "1650"]
[BlackElo "1723"]
[PlyCount "71"]
[EventDate "2001.11.01"]

1.d4 Nf6 2.c4 e6 3.Nc3 b6 4.Bg5 Bb7 5.e3 Be7 6.Nf3 h6 7.Bh4 O-O 8.Bd3 Nc6 
9.a3 d6 10.O-O Na5 11.b4 Nc6 12.Qc2 Nh5 13.Bxe7 Qxe7 14.Rad1 Nb8 15.Be4 d5
16.cxd5 Nf6 17.d6 Bxe4 18.dxe7 Bxc2 19.exf8=Q+ Kxf8 20.Rc1 Bd3 21.Rfd1 Ba6
22.d5 Bb7 23.dxe6 fxe6 24.Nb5 Na6 25.Nxc7 Nxc7 26.Rxc7 Bd5 27.Rdc1 a6 28.
Rc8+ Rxc8 29.Rxc8+ Ke7 30.Rc7+ Kf8 31.Ra7 a5 32.bxa5 b5 33.Nd4 Bc4 34.Rb7 
Ne4 35.a6 Nd6 36.a7 1-0

[Event "IV Weekend"]
[Site "Porto Sant'Elpidio ITA"]
[Date "2001.11.03"]
[Round "4"]
[White "Rinaudo, Sergio"]
[Black "Rinaudo, Claudio"]
[Result "1-0"]
[WhiteElo "1768"]
[BlackElo "1696"]
[PlyCount "89"]
[EventDate "2001.11.01"]

1.d4 d5 2.Nf3 Nf6 3.g3 c6 4.Bg2 Bf5 5.O-O e6 6.c4 Bd6 7.Qb3 Qc8 8.Nc3 O-O 
9.Re1 Nbd7 10.Nd2 Be7 11.e4 dxe4 12.Ndxe4 Nxe4 13.Nxe4 Nf6 14.Bg5 Bxe4 15.
Bxe4 Qd7 16.Bg2 Rab8 17.Rad1 h6 18.Bf4 Rbd8 19.Bf3 Rfe8 20.Be5 b5 21.a4 
bxc4 22.Qxc4 Nd5 23.Bxd5 exd5 24.Qc3 Rc8 25.b4 Qb7 26.Rb1 Qa6 27.Ra1 Qb6 
28.Rab1 Qa6 29.Qb3 Qb7 30.Rec1 f6 31.Bf4 g5 32.Bd2 Qd7 33.Qf3 f5 34.Qh5 
Qe6 35.Re1 Qf6 36.Re5 Red8 37.Rbe1 Bf8 38.h4 gxh4 39.gxh4 Rc7 40.Rxf5 Rg7+
41.Kh1 Qxd4 42.Bxh6 Re8 43.Rxf8+ Rxf8 44.Bxg7 Kxg7 45.Re7+ 1-0

[Event "IV Weekend"]
[Site "Porto Sant'Elpidio ITA"]
[Date "2001.11.03"]
[Round "4"]
[White "Sanzani, Pierluigi"]
[Black "Silvestri, Giorgio"]
[Result "0-1"]
[WhiteElo "1573"]
[BlackElo "1575"]
[PlyCount "60"]
[EventDate "2001.11.01"]

1.e4 d5 2.Nf3 dxe4 3.Ng1 Nf6 4.Bc4 b6 5.Nc3 Bb7 6.Nge2 e6 7.O-O Bd6 8.Bb5+
c6 9.Bc4 b5 10.Bb3 a5 11.a4 b4 12.Na2 h5 13.d4 Qc7 14.h3 Nbd7 15.c3 Rd8 
16.cxb4 axb4 17.Bd2 Qb6 18.Rc1 c5 19.Be3 Qa5 20.Qd2 cxd4 21.Nxd4 Nc5 22.
Bc4 O-O 23.b3 Nd3 24.Rb1 Qe5 25.f4 exf3 26.Nxf3 Bxf3 27.Rxf3 Qh2+ 28.Kf1 
Qh1+ 29.Bg1 Bc5 30.Ke2 Qxg2+ 0-1

[Event "IV Weekend"]
[Site "Porto Sant'Elpidio ITA"]
[Date "2001.11.03"]
[Round "4"]
[White "Trancanelli, Claudio"]
[Black "Di Donatantonio, Franco"]
[Result "0-1"]
[WhiteElo "1530"]
[BlackElo "1789"]
[PlyCount "99"]
[EventDate "2001.11.01"]

1.e4 c5 2.c4 Nc6 3.Nc3 Nf6 4.d3 d6 5.Be2 e6 6.Be3 Be7 7.f4 O-O 8.g4 d5 9.
g5 d4 10.gxf6 Bxf6 11.Bf2 dxc3 12.e5 Bh4 13.Bg3 cxb2 14.Rb1 Nd4 15.Rxb2 b6
16.Nf3 Bb7 17.Bxh4 Nxf3+ 18.Kf1 Nxh4 19.Rg1 Qd4 20.Qd2 Nf3 21.Bxf3 Bxf3 
22.Rg3 Bh5 23.Qf2 Rad8 24.Qxd4 Rxd4 25.Rf2 Bg6 26.Ke2 b5 27.cxb5 Rb8 28.
Ke3 Rxd3+ 29.Ke2 Rxg3 30.hxg3 Rxb5 31.Kf3 Bd3 32.Rd2 c4 33.Ke3 Kf8 34.Kd4 
Ke7 35.g4 f6 36.exf6+ gxf6 37.Rh2 e5+ 38.fxe5 fxe5+ 39.Kc3 Kf6 40.Rh5 Ra5 
41.Kb2 Bg6 42.Rh2 Kg5 43.Rg2 Rd5 44.Kc3 Bd3 45.a4 e4 46.Kb4 e3 47.a5 e2 
48.Rg1 Re5 49.Re1 Kxg4 50.a6 0-1

[Event "IV Weekend"]
[Site "Porto Sant'Elpidio ITA"]
[Date "2001.11.03"]
[Round "5"]
[White "Bonoli, Luciano"]
[Black "Cellucci, Davide"]
[Result "1-0"]
[WhiteElo "1723"]
[BlackElo "1401"]
[PlyCount "67"]
[EventDate "2001.11.01"]

1.d4 c6 2.Nf3 Nf6 3.e3 d5 4.Bd3 Bg4 5.O-O Qc7 6.b3 Nbd7 7.Bb2 e5 8.dxe5 
Bxf3 9.Qxf3 Nxe5 10.Qe2 Bd6 11.h3 O-O 12.Nd2 Rfe8 13.Rfd1 Rac8 14.Bf5 Rcd8
15.Nf3 Nxf3+ 16.Qxf3 Be5 17.c3 Qe7 18.Qe2 Ne4 19.Bxe4 dxe4 20.g3 h6 21.Qc4
Bc7 22.a4 Qg5 23.Rxd8 Qxd8 24.Qe2 Qg5 25.Kg2 Rd8 26.Rd1 Rxd1 27.Qxd1 Qe7 
28.c4 Qd6 29.Qg4 f6 30.Qxe4 Kf7 31.Qd4 Qxd4 32.exd4 Ke6 33.f4 Kf5 34.Kf3 
1-0

[Event "IV Weekend"]
[Site "Porto Sant'Elpidio ITA"]
[Date "2001.11.03"]
[Round "5"]
[White "Di Donatantonio, Franco"]
[Black "Fioravanti, Emidio"]
[Result "1/2-1/2"]
[WhiteElo "1789"]
[BlackElo "1720"]
[PlyCount "50"]
[EventDate "2001.11.01"]

1.e4 c5 2.Nf3 d6 3.Bb5+ Nc6 4.O-O a6 5.Bxc6+ bxc6 6.Re1 e5 7.c3 Bg4 8.d4 
cxd4 9.cxd4 Bxf3 10.Qxf3 exd4 11.e5 d5 12.Qg4 c5 13.b4 Qc8 14.e6 Nf6 15.
Qf5 fxe6 16.bxc5 Bxc5 17.Rxe6+ Kf7 18.Rxf6+ gxf6 19.Qh5+ Ke7 20.Nd2 Qe6 
21.Nf3 Rag8 22.Bf4 Bb4 23.Nxd4 Qg4 24.Nc6+ Ke6 25.Nd4+ Ke7 1/2-1/2